Municipalities of Waupaca County, Wisconsin - Statistics

General Stats
  • This quiz has been taken 74 times
  • The average score is 9 of 37
Answers on the Map
Answers color-coded by a green-red scale on the quiz's map according to % correct below.
 
Answer Stats
Answer % Correct
City of Waupaca
100%
Town of Waupaca
100%
City of New London
73%
Town of Iola
64%
Village of Iola
64%
Census Designated Place of King
45%
City of Clintonville
45%
Town of Scandinavia
45%
Village of Scandinavia
45%
City of Marion
36%
Census Designated Place of Chain O' Lakes
27%
City of Manawa
27%
City of Weyauwega
27%
Town of Fremont
27%
Town of Weyauwega
27%
Village of Embarrass
27%
Village of Fremont
27%
Census Designated Place of Northport
18%
Town of Caledonia
18%
Village of Ogdensburg
18%
Town of Bear Creek
9%
Town of Mukwa
9%
Town of Union
9%
Village of Big Falls
9%
Town of Dayton
0%
Town of Dupont
0%
Town of Farmington
0%
Town of Harrison
0%
Town of Helvetia
0%
Town of Larrabee
0%
Town of Lebanon
0%
Town of Lind
0%
Town of Little Wolf
0%
Town of Matteson
0%
Town of Royalton
0%
Town of St. Lawrence
0%
Town of Wyoming
0%
No matching quizzes found
Score Distribution
Percent of People with Each Score
Percentile by Number Answered
Your Score History
You have not taken this quiz